ბათუმის შოთა რუსთაველის სახელმწიფო უნივერსიტეტის ბიბლიოთეკა

ბავშვთა აგრესია / (ბიბ.ჩანაწერი № 36584)

000 -ლიდერი
ფიქსირებული სიგრძის საკონტროლო ველი 00768nam a2200229Ia 4500
001 - საკონტროლო ნომერი
საკონტროლო ველი 2503
003 - საკონტროლო ნომრის იდენტიფიკატორი
საკონტროლო ველი GE_BSU
005 - ბოლო ოპერაციის თარიღი და დრო
საკონტროლო ველი 20210128114718.0
008 - ფიქსირებული სიგრძის მონაცემთა ელემენტები - ზოგადი ინფორმაცია
ფიქსირებული სიგრძის საკონტროლო ველი 181216s2006||||ge |||||||||||||| ||geo||
040 ## - კატალოგიზაციის წყარო
Transcribing agency GE_BSU
041 ## - ენის კოდი
Language code of text/sound track or separate title geo
080 ## - უნივერსალური ათობითი კლასიფიკაციის ინდექსი
Universal Decimal Classification number 159.922.7 ქ-92
100 ## - მთავარი ჩანაწერი - პიროვნების სახელი
Relator code ქურხული, ლია
245 ## - ცნობა სათაურის შესახებ
Title ბავშვთა აგრესია /
Statement of responsibility, etc ლია ქურხული;რედ.ნათელა იმედაძე.
264 ## - წარმოების, გამოცემის, დისტრიბუციის და სხვა ცნობები
გამოცემის, წარმოების, დისტრიბუციის... ადგილი თბილისი,
გამოცემის, წარმოების, დისტრიბუციის... თარიღი 2006.
300 ## - ფიზიკური აღწერა
Extent 232 გვ.
653 ## - INDEX TERM--UNCONTROLLED
Uncontrolled term ბავშვთა აგრესია
653 ## - INDEX TERM--UNCONTROLLED
Uncontrolled term ფსიქოლოგია
700 ## - ADDED ENTRY--PERSONAL NAME
Personal name იმედაძე, ნათელა
Relator term რედაქტორი
9 (RLIN) 2596
942 ## - ADDED ENTRY ELEMENTS (KOHA)
Koha item type წიგნი
Source of classification or shelving scheme
ეგზემპლარები
ჩამოწერის სტატუსი დაკარგული ეგზემპლარის სტატუსი კლასიფიკაციის წყარო ან თაროზე გაწყობის სქემა დაზიანების სტატუსი არ გაიცემა მუდმივი მდებარეობა (დაცვის ადგილი) ამჟამინდელი ადგილსამყოფელი თაროზე განთავსების ადგილი შეძენის თარიღი ღირებულება, შესყიდვის ნორმალური ფასი სრული შენახვის შიფრი შტრიხკოდი ბოლო ოპერაციის თარიღი ეგზემპლარის მიმდევრობითი ნომერი (კეტერი?) ფასის ძალაში შესვლის თარიღი ეგზემპლარის სახეობა საჯარო შენიშვნა
          ბათუმის შოთა რუსთაველის სახელმწიფო უნივერსიტეტის მთავარი ბიბლიოთეკა ბათუმის შოთა რუსთაველის სახელმწიფო უნივერსიტეტის მთავარი ბიბლიოთეკა წიგნსაცავი 2018-12-17 6.00 159.922.7 ქ-92 1177 2018-12-17 1177 2018-12-17 წიგნი 6 ლ.